000 00301nam a22001457a 4500
020 _a978-0-07-026068-9
041 _aENG
100 _aDuggal.S.K
245 _aDesign of Steel Structues
250 _a3 Edition
260 _aDelhi
_bMc Graw Hill
_c2019
300 _a839
650 _aFS
856 _uFS
999 _c57
_d57